LEADER 01839nam0 22003131i 450 001 UON00020947 005 20231205102018.543 100 $a20020107d1733 |0itac50 ba 101 $afre 102 $aNL 140 $a||||||||| ||||||||| 200 1 $aAtlas nouveau, contenant toutes les parties du monde, ou sont exactement remarquées les empires, monarchies, royaumes, etats, republiques &c. / par Guillaume de l'Isle premier géographe de Sa Majesté 205 $aA Amsterdam : chez Jean Covens & Corneille Mortier sur le Vygendam$b[1733?] 210 $r[126] c. di tav. doppie a col. ; 55 cm 215 $aAltro front. inciso: Atlas novus$cad usum Serenissimi Burgundiae Ducis. Atlas franc?ois. a? l'usage de Monseigneur le duc de Bourgogne 316 $aVolume mutilo dalla p. 33 a seguire$5IT-UONSI ATLIII/035 Bis 606 $aAtlanti geografici$xSec. 15.-19.$3UONC069357$2FI 620 $aNL$dAmsterdam$3UONL001817 686 $aATL III$cATLANTI E RACCOLTE STORICHE$2A 700 1$aL'Isle$bGuillaume : de$3UONV014369$4180$0328837 702 1$aCóvens$bJean$3UONV292836 702 1$aMortier$bCorneille$3UONV292835 712 02$aˆJean ‰Co?vens et Corneille Mortier$3UONV249212$4610 801 $aIT$bSOL$c20250725$gRICA 912 $aUON00020947 950 $aSIBA - SISTEMA BIBLIOTECARIO DI ATENEO$dSI ATL III 035 $eSI G 2758 7 035 950 $aSIBA - SISTEMA BIBLIOTECARIO DI ATENEO$dSI ATL III 035 Bis $eSI 47839 7 035 Bis Volume mutilo dalla p. 33 a seguire 996 $aAtlas nouveau, contenant toutes les parties du monde, ou sont exactement remarquées les empires, monarchies, royaumes, etats, republiques &c.$93895188 997 $aUNIOR